Statistiche per La maggior parte dei paesi visitati dai russi

Clicka qui per fare il quiz!

Statistiche generali

  • Questo quiz è stato fatto 67 volte
  • Il punteggio medio è 8 su 15

Statistiche sulle risposte

*VisitatoriDestinazione% Corretto
849Italia
98%
1,449Cina
91%
950Germania
84%
808Spagna
80%
749Grecia
67%
4,907Turchia
65%
829Polonia
64%
2,498Finlandia
60%
794Thailandia
45%
1,343Estonia
35%
498Lituania
31%
418Bulgaria
18%
645Emirati Arabi Uniti
13%
695Cipro
7%
558Tunisia
4%

Distribuzione punteggi

Percentile per numero di risposta

Percentuale di utenti per punteggio

I tuoi punteggi nel tempo

Non hai fatto questo quiz